The Gold Coast (Record no. 350830)

000 -LEADER
fixed length control field 00896cam a2200265 a 4500
001 - CONTROL NUMBER
control field 1038053
003 - CONTROL NUMBER IDENTIFIER
control field OSt
005 - DATE AND TIME OF LATEST TRANSACTION
control field 20180116183027.0
008 - FIXED-LENGTH DATA ELEMENTS--GENERAL INFORMATION
fixed length control field 890808s1990 nyu 000 1 eng
010 ## - LIBRARY OF CONGRESS CONTROL NUMBER
LC control number 89040465
020 ## - INTERNATIONAL STANDARD BOOK NUMBER
International Standard Book Number 0446515043 :
Terms of availability $19.95
040 ## - CATALOGING SOURCE
Original cataloging agency DLC
Transcribing agency DLC
Modifying agency DLC
050 00 - LIBRARY OF CONGRESS CALL NUMBER
Classification number PS3554.E472
Item number G6 1990
082 00 - DEWEY DECIMAL CLASSIFICATION NUMBER
Classification number 813.54 DEM 1990
Edition number 20
100 1# - MAIN ENTRY--PERSONAL NAME
Personal name DeMille, Nelson.
245 14 - TITLE STATEMENT
Title The Gold Coast
Statement of responsibility, etc. Nelson DeMille.
260 ## - PUBLICATION, DISTRIBUTION, ETC.
Place of publication, distribution, etc. New York, NY :
Name of publisher, distributor, etc. Warner Books,
Date of publication, distribution, etc. c1990.
300 ## - PHYSICAL DESCRIPTION
Extent 626 p. ;
Dimensions 24 cm.
440 ## - SERIES STATEMENT/ADDED ENTRY--TITLE
Title The Gold Coast
655 #7 - INDEX TERM--GENRE/FORM
Genre/form data or focus term Detective and mystery stories.
Source of term gsafd
856 42 - ELECTRONIC LOCATION AND ACCESS
Materials specified Publisher description
Uniform Resource Identifier <a href="http://www.loc.gov/catdir/enhancements/fy1117/89040465-d.html">http://www.loc.gov/catdir/enhancements/fy1117/89040465-d.html</a>
856 42 - ELECTRONIC LOCATION AND ACCESS
Materials specified Contributor biographical information
Uniform Resource Identifier <a href="http://www.loc.gov/catdir/enhancements/fy1315/89040465-b.html">http://www.loc.gov/catdir/enhancements/fy1315/89040465-b.html</a>
906 ## - LOCAL DATA ELEMENT F, LDF (RLIN)
a 7
b cbc
c orignew
d 1
e ocip
f 19
g y-gencatlg
942 ## - ADDED ENTRY ELEMENTS (KOHA)
Source of classification or shelving scheme
Koha item type Book
Holdings
Withdrawn status Lost status Source of classification or shelving scheme Damaged status Not for loan Collection code Permanent Location Current Location Shelving location Date acquired Total Checkouts Full call number Barcode Date last seen Date last checked out Price effective from Koha item type
            Central Library (CL) Central Library (CL) Fiction 12/15/2015 1 813.54 DEM 1990 NBSD-2400 09/06/2019 04/11/2019 12/15/2015 Book
© 2023 Central Library, National University of Sciences and Technology. All Rights Reserved.